000
00320pab a2200145 454500
008
180718b1999 xxu||||| |||| 00| 0 eng d
100
_a
Saksena, J.N.
245
_a
Police reforms
260
_c
1999
300
_a
p.67-70
362
_a
Jan-Mar
650
_a
Police
773
_a
Indian Police Journal
909
_a
43046
999
_c
43046
_d
43046